| 000 | 00387nam a2200169Ia 4500 | ||
|---|---|---|---|
| 008 | 230524s9999 xx 000 0 und d | ||
| 020 | _a9780070153240 | ||
| 082 |
_a4.6 _bANA |
||
| 100 | _aC.Anandan | ||
| 245 | 0 | _aProduct Management | |
| 250 | _a2ND | ||
| 260 |
_aNEW DELHI _bTMH _c2009 |
||
| 300 | _aXIV;249 | ||
| 500 | _aQuantity Number: 5 | ||
| 650 | _aManagement | ||
| 942 | _cBK | ||
| 999 |
_c46513 _d46513 |
||